000 00385cam a22001097a 4500
008 180718b1962 xxu||||| |||| 00| 0 eng d
082 _aR2303x3452
245 _aReport on working of minimum wages act
_cby Department of Industries, Labour and Co-operation
260 _a
_bGovernment of Madras
_c1962
300 _a103p
700 _aMadras. Department of Industries, Labour and Co-operation
999 _c496089
_d496089